000 00291 a2200109 4500
001 ART_5898
005 20260410161618.0
008 260409a
245 1 0 _aContabilidad de gestión
100 1 _aSmolje, Alejandro R.
773 0 _tEnfoques
_g- Nº 10 (oct. 2007)
_wREV416
999 _c11277
_d11277